书目信息 |
| 题名: |
现代分子生物学实验手册
|
|
| 作者: | 张维铭 主编 | |
| 分册: | ||
| 出版信息: | 北京 科学出版社 2003.6 |
|
| 页数: | xiv,571页 | |
| 开本: | 24cm | |
| 丛书名: | 华夏英才基金学术文库 | |
| 单 册: | ||
| 中图分类: | Q7-33 | |
| 科图分类: | ||
| 主题词: | 分子生物学--fen zi sheng wu xue--实验--手册 , 分子生物学--fen zi sheng wu xue | |
| 电子资源: | ||
| ISBN: | 7-03-011341-1 | |
| 000 | 00959nam0 2200265 45 | |
| 001 | 012005000000 | |
| 005 | 20061124155553.51 | |
| 010 | @a7-03-011341-1@dCNY48.00 | |
| 100 | @a20050804e20052003em y0chiy0121 ea | |
| 101 | 0 | @achi |
| 102 | @aCN@b110000 | |
| 105 | @af z 001yy | |
| 200 | 1 | @a现代分子生物学实验手册@Axian dai fen zi sheng wu xue shi yan shou ce@f张维铭主编 |
| 210 | @a北京@c科学出版社@d2003.6@h2005.1重印 | |
| 215 | @axiv,571页@c图@d24cm | |
| 225 | 2 | @a华夏英才基金学术文库@Ahua xia ying cai ji jin xue shu wen ku |
| 320 | @a有索引(第564-571页) | |
| 330 | @a本书从基础的实验器具使用、操作及相关设备的主要原理开始,直到当前最为前沿的研究方法、手段,均有详细的介绍。 | |
| 461 | 0 | @12001 @a华夏英才基金学术文库 |
| 606 | 0 | @a分子生物学@Afen zi sheng wu xue@x实验@j手册 |
| 606 | 0 | @a分子生物学@Afen zi sheng wu xue |
| 690 | @aQ7-33@v4 | |
| 701 | 0 | @a张维铭@Azhang wei ming@4主编 |
| 801 | 0 | @aCN@c20061124 |
| 905 | @a10447@dQ7-33@eZ194 | |
| 现代分子生物学实验手册/张维铭主编.-北京:科学出版社,2003.6(2005.1重印) |
| xiv,571页:图;24cm.-(华夏英才基金学术文库) |
| ISBN 7-03-011341-1:CNY48.00 |
| 本书从基础的实验器具使用、操作及相关设备的主要原理开始,直到当前最为前沿的研究方法、手段,均有详细的介绍。 |
| ● |
| 相关链接 |
|
|
|
正题名:现代分子生物学实验手册
索取号:Q7-33/Z194
 
预约/预借
| 序号 | 登录号 | 条形码 | 馆藏地/架位号 | 状态 | 备注 |
| 1 | 545401 | 205454015 | 自科二线504/504自科库 37排1列4层/ [索取号:Q7-33/Z194] | 在馆 | |
| 2 | 545402 | 205454024 | 自科库401/401自科库 31排1列1层/ [索取号:Q7-33/Z194] | 在馆 | |
| 3 | 545403 | 205454033 | 自科库401/401自科库 31排1列1层/ [索取号:Q7-33/Z194] | 在馆 | |
| 4 | 615902 | 206159020 | 自科二线504/401自科库 29排3列4层/ [索取号:Q7-33/Z194] | 在馆 | |
| 5 | 615903 | 206159039 | 自科库401/401自科库 31排1列1层/ [索取号:Q7-33/Z194] | 在馆 |